| 000 | 00529nam a2200193Ia 4500 | ||
|---|---|---|---|
| 008 | 230125s9999 xx 000 0 und d | ||
| 020 | _a81-7446-242-2 | ||
| 041 | _aeng | ||
| 082 |
_a658.4012 _bPRA |
||
| 100 |
_aPrasad A _9109524 |
||
| 245 | _aExtremely short cases on strategic management | ||
| 260 |
_c2001 _bExcel Books _aNew Delhi |
||
| 300 | _a118p | ||
| 500 | _aStrategic management,Cases | ||
| 500 | _aStrategic management;Case studies | ||
| 650 | _aManagement | ||
| 700 |
_aPrasad A _9109524 |
||
| 999 |
_c86216 _d86216 |
||